000
00242 a2200097 4500
001
59141
100
_a
245
_a
Hazrat Shemoeel (A.S); qasas-ul ambia for childrens
260
_a
Karachi
_b
Children Books Pub
_c
2007
090
_c
36214
_d
36214
942
_a
NUST-CAE
_c
_c
29130
999
_c
294214
_d
294214